Normal view
MARC view
Entry Personal Name
001 - CONTROL NUMBER
- control field: 759438
003 - CONTROL NUMBER IDENTIFIER
- control field: OSt
005 - DATE AND TIME OF LATEST TRANSACTION
- control field: 20250508151529.0
008 - FIXED-LENGTH DATA ELEMENTS
- fixed length control field: 250508|| aca||aabn | a|a d
040 ## - CATALOGING SOURCE
- Original cataloging agency: OSt
- Transcribing agency: OSt
100 ## - HEADING--PERSONAL NAME
- Personal name: Northway Mary L
670 ## - SOURCE DATA FOUND
- Source citation: Work cat.: (OSt)1330392: Northway Mary L, Primer of scandal, 1953
